|
|
|
|
| LEADER |
01981cas a2200277 a 4500 |
| 001 |
AALejournalIMF023071 |
| 008 |
230101c9999 xx r poo 0 0eng d |
| 020 |
|
|
|c 5.00 USD
|
| 020 |
|
|
|z 9798400218736
|
| 022 |
|
|
|a 2957-4390
|
| 040 |
|
|
|a BD-DhAAL
|c BD-DhAAL
|
| 100 |
1 |
|
|a Baunsgaard, Thomas.
|
| 245 |
1 |
0 |
|a Taxing Windfall Profits in the Energy Sector /
|c Thomas Baunsgaard, Nate Vernon.
|
| 264 |
|
1 |
|a Washington, D.C. :
|b International Monetary Fund,
|c 2022.
|
| 300 |
|
|
|a 1 online resource (19 pages)
|
| 490 |
1 |
|
|a IMF Notes
|
| 500 |
|
|
|a <strong>Off-Campus Access:</strong> No User ID or Password Required
|
| 500 |
|
|
|a <strong>On-Campus Access:</strong> No User ID or Password Required
|
| 506 |
|
|
|a Electronic access restricted to authorized BRAC University faculty, staff and students
|
| 520 |
3 |
|
|a The surge in fossil fuel prices in 2022 has generated substantial windfall profits in the energy sector. Policymakers in many countries are exploring policies to tax part of these profits. Excess profits can be taxed by tax instruments targeted at economic rents that avoid discouraging investment and limit any impact on further price increases. Many fossil fuel producing countries already have an adequate rent-capturing fiscal instrument in place. Others may consider introducing a permanent tax on windfall profits from fossil fuel extraction but should be more cautious about temporary and possibly poorly designed windfall profit taxes. Given the importance of encouraging decarbonatization of energy generation, it seems counter-intuitive to introduce exceptional tax measures on renewable electricity generation.
|
| 538 |
|
|
|a Mode of access: Internet
|
| 650 |
|
7 |
|a Hydrocarbon Resources
|2 imf
|
| 650 |
|
7 |
|a Nonrenewable Resources and Conservation
|2 imf
|
| 700 |
1 |
|
|a Vernon, Nate.
|
| 830 |
|
0 |
|a IMF Notes; IMF Notes ;
|v No 2022/002
|
| 856 |
4 |
0 |
|z Full text available on IMF
|u https://elibrary.imf.org/openurl?genre=journal&issn=2957-4390&volume=2022&issue=002
|z IMF e-Library
|